Plánovanie a riadenie kariéry

Definícia kariéry a jej rozvoja. Kariérové fázy. Kariérové typy. Názorné predstavy kariérovej dráhy a plánovanie kariéry. Zhrnutie.

Salvato in:
Dettagli Bibliografici
Autore principale: Mihalčová, Bohuslava, 1963-
Altri autori: Stričík, Michal, 1969-
Natura: Capitolo di libro
Lingua:slovacco
Soggetti:
Tags: Aggiungi Tag
Nessun Tag, puoi essere il primo ad aggiungerne!!

MARC

LEADER 00000naa a2200000 4500
001 r048330
005 20231002091056.7
041 0 |a slo 
044 |a SK 
245 1 0 |a Plánovanie a riadenie kariéry  |c Bohuslava Mihalčová, Michal Stričík 
520 |a Definícia kariéry a jej rozvoja. Kariérové fázy. Kariérové typy. Názorné predstavy kariérovej dráhy a plánovanie kariéry. Zhrnutie. 
610 2 0 |a kariéra 
610 2 0 |a profesiografia 
610 2 0 |a zamestnanie 
100 1 |a Mihalčová, Bohuslava, 1963- 
700 1 |a Stričík, Michal, 1969-